[Event "SVK-chT4 A22 1516"]
[Site "Slovakia"]
[Date "2016.02.07"]
[Round "8.5"]
[White "Matis, Daniel"]
[Black "Fekete, Robert"]
[Result "0-1"]
[WhiteElo "1616"]
[BlackElo "1894"]
[PlyCount "90"]
[EventDate "2015.10.04"]
[EventType "team-tourn"]
[EventRounds "11"]
[EventCountry "SVK"]
[SourceTitle "EXT 2020"]
[Source "ChessBase"]
[SourceDate "2019.10.17"]
[SourceVersion "1"]
[SourceVersionDate "2019.10.17"]
[SourceQuality "1"]

1. e4 e6 2. d4 d5 3. exd5 exd5 4. Nc3 c6 5. Nf3 Bd6 6. Bg5 Ne7 7. Bd3 h6 8. Bh4 Be6 9. 0-0 Nd7 10. h3 Qc7 11. a3 g5 12. Bg3 Bxg3 13. fxg3 Qxg3 14. Ne2 Qc7 15. b4 g4 16. hxg4 Bxg4 17. Nh2 h5 18. Qe1 Be6 19. Nf4 Qd6 20. Qe2 0-0-0 21. Rae1 Nf5 22. Bxf5 Bxf5 23. c4 Be4 24. Rc1 Rde8 25. Rce1 Nf6 26. Rf2 Bxg2 27. Qd2 Rxe1+ 28. Qxe1 Re8 29. Qc1 Be4 30. b5 dxc4 31. Qxc4 Qxa3 32. bxc6 Rg8+ 33. Ng2 Qa1+ 34. Nf1 bxc6 35. Qxf7 Qxd4 36. Qe6+ Kb7 37. Qb3+ Ka8 38. Nfe3 Rg3 39. Qa3 Rg8 40. Qb3 Rb8 41. Qa3 Bxg2 42. Nxg2 Rb1+ 43. Kh2 Ng4+ 44. Kg3 Qxf2+ 45. Kh3 Rh1# 0-1

[Event "SVK-chT4 A22 1516"]
[Site "Slovakia"]
[Date "2015.10.18"]
[Round "2.2"]
[White "Vlkovic, Pavol"]
[Black "Fekete, Robert"]
[Result "0-1"]
[WhiteElo "1803"]
[BlackElo "1898"]
[PlyCount "160"]
[EventDate "2015.10.04"]
[EventType "team-tourn"]
[EventRounds "11"]
[EventCountry "SVK"]
[SourceTitle "EXT 2020"]
[Source "ChessBase"]
[SourceDate "2019.10.17"]
[SourceVersion "1"]
[SourceVersionDate "2019.10.17"]
[SourceQuality "1"]

1. e4 e6 2. d3 d5 3. Qe2 dxe4 4. dxe4 b6 5. Nf3 h6 6. g3 Ba6 7. c4 Nc6 8. a3 Nd4 9. Nxd4 Qxd4 10. Nc3 Nf6 11. Be3 Qe5 12. Bg2 0-0-0 13. f4 Qa5 14. 0-0 Bc5 15. Bf2 Bxf2+ 16. Rxf2 Qc5 17. Nb5 Bxb5 18. cxb5 Rd4 19. b4 Qc3 20. Rff1 Rd2 21. Qf3 Rd3 22. Qf2 Ng4 23. Qe1 Rd2 24. Rc1 Qd4+ 25. Kh1 Nf2+ 26. Rxf2 Qxf2 27. Qxf2 Rxf2 28. f5 e5 29. f6 Rxf6 30. Bh3+ Kb8 31. Bd7 Rd8 32. Bc6 Rfd6 33. Kg2 Rd1 34. Rc4 R1d4 35. Rc3 Rd2+ 36. Kh3 Rf2 37. a4 Rdd2 38. a5 Rxh2+ 39. Kg4 bxa5 40. bxa5 f6 41. b6 Rdf2 42. bxc7+ Kxc7 43. Be8+ Kb7 44. Rd3 Rc2 45. Rd6 Rhd2 46. Re6 Kc8 47. Bb5 Rb2 48. Re8+ Rd8 49. Ba6+ Kc7 50. Re7+ Rd7 51. Re8 Kd6 52. Bc4 Kc7 53. Bd5 Rb4 54. Kf5 Ra4 55. Be6 Rd6 56. Re7+ Kb8 57. Rxg7 Rxa5 58. Bd5 Ra1 59. Rh7 a5 60. Rb7+ Kc8 61. Ra7 a4 62. Be6+ Kb8 63. Ra5 Kb7 64. Kxf6 Rd3 65. g4 Kb6 66. Rxe5 a3 67. Kg7 a2 68. Bxa2 Rxa2 69. Kxh6 Kc6 70. g5 Kd6 71. Rf5 Rg2 72. Kg7 Ke6 73. g6 Rdg3 74. Rf6+ Ke5 75. Kf7 Kxe4 76. Re6+ Kf5 77. Rf6+ Kg5 78. Kg7 Kh5 79. Rf5+ Rg5 80. Rxg5+ Rxg5 0-1

[Event "SVK-chT4 A22 1314"]
[Site "Slovakia"]
[Date "2014.02.09"]
[Round "8.1"]
[White "Petras, Stefan"]
[Black "Fekete, Robert"]
[Result "0-1"]
[WhiteElo "1789"]
[BlackElo "1897"]
[PlyCount "80"]
[EventDate "2013.10.06"]
[EventType "team-tourn"]
[EventRounds "11"]
[EventCountry "SVK"]
[SourceTitle "EXT 2015"]
[Source "ChessBase"]
[SourceDate "2014.11.20"]
[SourceVersion "1"]
[SourceVersionDate "2014.11.20"]
[SourceQuality "1"]
[WhiteTeam "Dolna Krupa SK"]
[BlackTeam "Potonska Veza II"]
[WhiteTeamCountry "SVK"]
[BlackTeamCountry "SVK"]

1. e4 e6 2. d4 d5 3. Nc3 dxe4 4. Nxe4 Nf6 5. Bd3 Nc6 6. c3 Be7 7. Nf3 h6 8. 0-0 a6 9. Re1 b6 10. Nxf6+ Bxf6 11. Be4 Bb7 12. h3 Qd7 13. b4 Nd8 14. Qc2 0-0 15. Bf4 Bxe4 16. Rxe4 Nc6 17. Nh2 g5 18. Ng4 Bg7 19. Ne5 Bxe5 20. Bxe5 Ne7 21. Bf6 Nd5 22. Be5 Rfc8 23. Rae1 Qc6 24. Rc1 b5 25. Rg4 f5 26. Rg3 Kf7 27. f4 Nxf4 28. h4 Rg8 29. Rf1 Ng6 30. hxg5 Nxe5 31. Rxf5+ exf5 32. Qxf5+ Ke7 33. Qxe5+ Kd7 34. Qf5+ Qe6 35. Qh7+ Kc6 36. Rf3 Rxg5 37. Rf7 Qe1+ 38. Rf1 Qe3+ 39. Rf2 Rag8 40. Qxh6+ Kb7 0-1

[Event "SVK-chT3A2 1011"]
[Site "Slovakia"]
[Date "2011.04.03"]
[Round "11.8"]
[White "Fekete, Robert"]
[Black "Smrek, Peter"]
[Result "1-0"]
[WhiteElo "1866"]
[BlackElo "1882"]
[PlyCount "59"]
[EventDate "2010.10.17"]
[EventType "team-tourn"]
[EventRounds "11"]
[EventCountry "SVK"]
[SourceTitle "EXT 2019"]
[Source "ChessBase"]
[SourceDate "2018.10.10"]
[SourceVersion "1"]
[SourceVersionDate "2018.10.10"]
[SourceQuality "1"]
[WhiteTeam "Potonska Veza"]
[BlackTeam "Vrbove"]
[WhiteTeamCountry "SVK"]
[BlackTeamCountry "SVK"]

1. e4 c5 2. Nf3 Nc6 3. Bb5 a6 4. Bxc6 dxc6 5. d3 g6 6. Be3 Bg7 7. c3 b6 8. h3 Nf6 9. Qc2 h6 10. 0-0 Qc7 11. Nbd2 Be6 12. d4 c4 13. e5 Nd7 14. Ne4 f5 15. exf6 exf6 16. Ng3 Kf7 17. Rfe1 Rhe8 18. Re2 Bd5 19. Nh4 Nf8 20. Rae1 f5 21. Ngxf5 gxf5 22. Nxf5 Be4 23. Nxh6+ Bxh6 24. Qd2 Bd3 25. Bxh6 Rxe2 26. Rxe2 Bxe2 27. Qxe2 Re8 28. Qh5+ Ke7 29. Bg5+ Kd7 30. Qf7+ 1-0

[Event "SVK-chT3A2 1011"]
[Site "Slovakia"]
[Date "2010.10.31"]
[Round "2.7"]
[White "Fekete, Robert"]
[Black "Mackovic, Miroslav"]
[Result "1-0"]
[WhiteElo "1866"]
[BlackElo "1915"]
[PlyCount "85"]
[EventDate "2010.10.17"]
[EventType "team-tourn"]
[EventRounds "11"]
[EventCountry "SVK"]
[SourceTitle "EXT 2012"]
[Source "ChessBase"]
[SourceDate "2011.11.24"]
[SourceVersion "1"]
[SourceVersionDate "2011.11.24"]
[SourceQuality "1"]
[WhiteTeam "Potonska Veza"]
[BlackTeam "Trnava Modranka"]
[WhiteTeamCountry "SVK"]
[BlackTeamCountry "SVK"]

1. e4 c5 2. Nf3 d6 3. Bc4 e6 4. Nc3 Nf6 5. d3 a6 6. 0-0 d5 7. exd5 exd5 8. Re1+ Be7 9. Bb3 0-0 10. Nxd5 Nxd5 11. Bxd5 Qxd5 12. Rxe7 Be6 13. Ng5 Nd7 14. Nxe6 fxe6 15. Qg4 Rf7 16. Qxe6 Qxe6 17. Rxe6 h6 18. Bd2 b5 19. Rae1 Kf8 20. g3 Nf6 21. Bf4 Kg8 22. Bd6 c4 23. d4 Rd7 24. c3 Kh7 25. h3 a5 26. a3 Ra6 27. Bc5 Rxe6 28. Rxe6 Nd5 29. Kg2 Kg8 30. f4 Kf7 31. Re5 Kf6 32. Kf3 Kf7 33. g4 a4 34. h4 Nc7 35. Ke4 Na6 36. Bb6 Re7 37. Rxe7+ Kxe7 38. Kd5 Kf6 39. Kc6 b4 40. Kb7 bxc3 41. bxc3 Nb4 42. cxb4 Ke6 43. Kc6 1-0